000 01850nam a22003377ia4500
005 20201215121530.0
008 201215t20202020-uso|||j |||| 00| 0 eng d
020 _a9780756562243
_cRM49.90
_qpaperback
040 _aPPAK
_beng
_cPPAK
_erda
082 0 4 _223
_a152.47
090 0 0 _a152.47
_bMAY
_dK
100 1 _aMayer, Melissa,
_eauthor.
245 1 0 _aWHY WE RAGE :
_bTHE SCIENCE OF ANGER /
_cby Melissa Mayer
264 1 _aNorth Mankato, Minnesota :
_bCompass Point Books,
_c[2020?]
264 4 _c©2020
300 _a64 pages :
_bcolour photographs ;
_c23 cm
336 _2rdacontent
_atext
337 _2rdamedia
_aunmediated
338 _2rdacarrier
_avolume
490 1 _aDECODING THE MIND
500 _aIncludes index.
504 _aBibliography : page 63.
520 _aHave you ever flown off the handle with your best friend or sibling? Maybe you were just so angry, but you didn't really know why. The answer is in the science of rage! Whether you keep your anger bottled up or sometimes lash out without meaning to, life can sometimes feel emotional. But next time you or your friends get cross, you'll understand what's really going on in your brains. Plus, you'll learn tips for decoding aggressive body language and how to listen when your anger is telling you something is wrong. Find out what's happening in your body and how anger can actually be useful. But keep your head! Mental health is still important, so when rage and aggressive feelings have crossed the line, you'll also learn when it's time to reach out for help.
650 1 0 _aAnger
_vJuvenile literature
650 2 0 _aAnger
_xPhysiological aspects
_vJuvenile literature
650 2 0 _aEmotions
_vJuvenile literature
700 1 _aKammer, Gina,
_eeditor.
700 1 _aHultgren, Kellie M.,
_eeditor.
830 0 _aDecoding the Mind
942 _2ddc
_cB
999 _c180600
_d180600